Statistics for Australian Sport

Click here to take the quiz!

General Stats

  • This quiz has been taken 204 times
  • The average score is 11 of 16

Answer Stats

HintAnswer% Correct
Bulldogs, Tigers, MagpiesAFL
97%
Bulldogs, Tigers, StormNRL
92%
Test against EnglandAshes
82%
Grand Slam in MelbourneAustralian Open
81%
Major Score in AFLGoal
77%
Victory, City and WanderersA-League
75%
What is the Australian Rugby Union Team?Wallabies
72%
Stars, Sixers, Scorchers and StrikersBig Bash League
70%
Best Australian CricketerDon Bradman
68%
Where is the Australian Grand Prix held?Melbourne
68%
Captain of the Melbourne Storm, Queensland and Australia Rugby League TeamsCameron Smith
57%
Minor Score in an AFL GamePoint
54%
Australian Tennis Player (C'mon)Lleyton Hewitt
51%
Australian Who Won Le Tour De FranceCadel Evans
50%
Most State of Origin Apperances with 39Cameron Smith
49%
Most AFL Career GoalsTony Lockett
47%

Score Distribution

Percentile by Number Answered

Percent of People with Each Score

Your Score History

You have not taken this quiz